000 00971nam a2200265Ia 4500
003 OSt
005 20220923211044.0
006 a|||||r|||| 00| 0
007 ta
008 220922b |||||||| |||| 00| 0 hin d
020 _a8174531041 (hbk)
_c200
024 _a234,345
037 _b346, 13/03/2008, Swaraj Prakashan
_cTextual
040 _aARTS
_cARTS
_bhin
041 _2hin
_ahin
082 _aO152,1M80:g(P), P4
100 _aसागर, राज मोहिनी
_9157676
245 0 _aभ्रमरदूत
_b संवेदना और शिल्प
246 _aBhramaradūta: sanvedanā aur shilpa
260 _aदिल्ली
_b संजय प्रकाशन
_c2004
300 _a84पृ.
_ccm.
650 _aहिन्दी साहित्य
_9156264
942 _hO152,1M80:g(P), P4
_cTEXL
_2CC
999 _c294587
_d294587